Normal view
MARC view
- الاردن - تاريخ الحسين بن طلال 1952 - 1999- تراجم
Entry Topical Term
001 - CONTROL NUMBER
- control field: 56048
003 - CONTROL NUMBER IDENTIFIER
- control field: JO-AjAnu
005 - DATE AND TIME OF LATEST TRANSACTION
- control field: 20230606083204.0
008 - FIXED-LENGTH DATA ELEMENTS
- fixed length control field: 230606|| aca||aabn | a|a d
040 ## - CATALOGING SOURCE
- Original cataloging agency: JO-AjAnu
- Transcribing agency: JO-AjAnu
150 ## - HEADING--TOPICAL TERM
- Topical term or geographic name entry element: الاردن - تاريخ الحسين بن طلال 1952 - 1999- تراجم
670 ## - SOURCE DATA FOUND
- Source citation: Work cat.: (JO-AjAnu)28604: الحسين بن طلال، ملك الأردن، 1952-1999 ؛ ترجمة غالب عارف طوقان, author 56047, الحسين ملك المملكة الأردنية الهاشمية: مهنتي كملك: أحاديث ملكية